000 01021nam a22003257a 4500
003 CHAP
005 20220329135455.0
008 971013s1963 r 00010 d
010 _a37104
011 _a38076
035 _a42196
040 _cCHAP
090 _aFolleto 2626
100 0 0 _aOsborne, Thomas S.
_984170
245 _aAtoms in agriculture
260 _a(Oak Ridge, Tenn. :
_bU.S. Atomic Energy Commission),
_c(1963)
300 _a24 p.
_b: ilus.
490 _aUnderstanding the atom
590 _aBATCH-UPD
_b10
_c20130109
_lUCH01
_h2319
590 _aBATCH-UPD
_b10
_c20130110
_lUCH01
_h0212
590 _aBATCH-UPD
_b10
_c20130110
_lUCH01
_h2155
590 _aBATCH-UPD
_b10
_c20130409
_lUCH01
_h1841
590 _aBATCH-UPD
_b10
_c20130914
_lUCH01
_h1306
590 _aCONVERSION
_b10
_c20130109
_lUCH01
_h1321
650 1 4 _aEnergía atómica en agricultura.
_936898
830 0 _aUnderstanding the atom
_9116137
901 _aBK
942 _cFOLL
949 _aFolleto 2626
_bBC
_cFOLL
_d-97209
_eTS1
_i42196
_si
999 _c37104
_d37104